| 000 | 00922cam a22002175a 4500 | ||
|---|---|---|---|
| 001 | L155871 | ||
| 008 | 120418s1844 xxk f 000 0 eng d | ||
| 035 | _a(Sirsi) u155871 | ||
| 041 | 0 | _aeng | |
| 100 | 1 | _aJones, David | |
| 245 | 0 | 0 |
_aOn the value of annuities and reversionary payments _bwith numerous tables _cby David Jones ... to which is appended, a treatise on probability : by Sir John W. Lubbock, Bart., F.R.S., and J.E. Drinkwater Bethune, A.M. : published under the superintendence of the Society for the Diffusion of Useful Knowledge |
| 260 |
_aLondon _bR. Baldwin _c1844 |
||
| 300 |
_a2 v _c23 cm. |
||
| 583 |
_aCondition reviewed _c20120620 _lcondition level 4 |
||
| 651 | 4 |
_aGreat Britain _y1707- |
|
| 690 | _aFinance and taxation | ||
| 700 | 1 |
_aLubbock, J. W. _q(John William) _d1803-1865 |
|
| 700 | 1 | _aDrinkwater Bethune, J. E. | |
| 710 | 1 | _aSociety for the Diffusion of Useful Knowledge | |
| 942 | _n0 | ||
| 999 |
_c113887 _d113887 |
||